La casa de Bernarda Alba / (Registro nro. 546)
[ vista simple ]
| 000 -LEADER | |
|---|---|
| fixed length control field | 00662nam a22002297a 4500 |
| 003 - CONTROL NUMBER IDENTIFIER | |
| control field | OSt |
| 005 - DATE AND TIME OF LATEST TRANSACTION | |
| control field | 20251029130822.0 |
| 008 - FIXED-LENGTH DATA ELEMENTS--GENERAL INFORMATION | |
| fixed length control field | 250805t2007 ag ||||| |||| 00| 1 spa|| |
| 020 ## - INTERNATIONAL STANDARD BOOK NUMBER | |
| International Standard Book Number | 9789875710771 |
| 040 ## - CATALOGING SOURCE | |
| Transcribing agency | besoc |
| 080 ## - UNIVERSAL DECIMAL CLASSIFICATION NUMBER | |
| Authority record control number or standard number | 82-2(460) |
| 100 10 - MAIN ENTRY--PERSONAL NAME | |
| Personal name | García Lorca, Federico, |
| Dates associated with a name | 1898-1936 |
| Relator term | autor |
| 245 13 - TITLE STATEMENT | |
| Title | La casa de Bernarda Alba / |
| Statement of responsibility, etc. | Federico García Lorca ; estudio preliminar Patricia Cohen. |
| 260 ## - PUBLICATION, DISTRIBUTION, ETC. | |
| Place of publication, distribution, etc. | Buenos Aires : |
| Name of publisher, distributor, etc. | Gradifco, |
| Date of publication, distribution, etc. | 2007. |
| 300 ## - PHYSICAL DESCRIPTION | |
| Extent | 95 p. ; |
| Dimensions | 19 cm. |
| 490 0# - SERIES STATEMENT | |
| Series statement | Colección Nogal |
| 648 #4 - SUBJECT ADDED ENTRY--CHRONOLOGICAL TERM | |
| Chronological term | Siglo XIX |
| 650 #4 - SUBJECT ADDED ENTRY--TOPICAL TERM | |
| Topical term or geographic name entry element | LITERATURA ESPAÑOLA |
| Chronological subdivision | SIGLO XIX |
| 655 #4 - INDEX TERM--GENRE/FORM | |
| Genre/form data or focus term | TEATRO |
| 700 1# - ADDED ENTRY--PERSONAL NAME | |
| Personal name | Cohen, Patricia. |
| 942 ## - ADDED ENTRY ELEMENTS (KOHA) | |
| Source of classification or shelving scheme | Dewey Decimal Classification |
| Koha item type | Libro de préstamo a domicilio |
| Suppress in OPAC | No |
| Withdrawn status | Lost status | Source of classification or shelving scheme | Damaged status | Not for loan | Home library | Current library | Date acquired | Source of acquisition | Total checkouts | Total renewals | Full call number | Barcode | Date last seen | Date last checked out | Price effective from | Koha item type |
|---|---|---|---|---|---|---|---|---|---|---|---|---|---|---|---|---|
| Dewey Decimal Classification | Biblioteca Escuela de Ciencias Sociales | Biblioteca Escuela de Ciencias Sociales | 05/08/2025 | Donación | 1 | 2 | 82-2(460) G216 | 000242 | 25/06/2026 | 14/05/2026 | 05/08/2025 | Libro de préstamo a domicilio |